000 00694nam a22002177a 4500
999 _c13372
_d13372
003 AR-CdUCM
008 190415b ||||| |||| 00| 0 spa d
020 _a978-612-46800-7-6
040 _aMUNICIPALIDAD PROVINCIAL DEL CUSCO
_cBIBLIOTECA MUNICIPAL DEL CUSCO
082 _aEP / 808.08 /
_bR27
100 _aRaupach, Ernst
_931756
245 _aNo despiertes a los muertos /
260 _aLima :
_bLinx editores,
_c2014.
300 _a45 paginas ;
_c20 cm.
440 _aCuentos de ultratumba.
_n6
_931757
505 _aContenido :No despiertes a los muertos.
650 _aCuentos de terror
_931714
650 _aHistorias reales
_929099
942 _2ddc
_cLIBROS
945 _arum
_d2019-04-15